Just enough Chinese. (Record no. 39415)
[ view plain ]
| 000 -LEADER | |
|---|---|
| fixed length control field | 00543nam a2200193 a 4500 |
| 005 - DATE AND TIME OF LATEST TRANSACTION | |
| control field | 20140311163015.0 |
| 008 - FIXED-LENGTH DATA ELEMENTS--GENERAL INFORMATION | |
| fixed length control field | 070330s19uu xx 00 eng d |
| 020 ## - INTERNATIONAL STANDARD BOOK NUMBER | |
| International Standard Book Number | 0-8442-9616-7 |
| 050 ## - LIBRARY OF CONGRESS CALL NUMBER | |
| Classification number | PL 1125.E6 |
| Item number | .J87 1998 |
| 245 ## - TITLE STATEMENT | |
| Title | Just enough Chinese. |
| Statement of responsibility, etc | D.L. Ellis. |
| 260 ## - PUBLICATION, DISTRIBUTION, ETC. (IMPRINT) | |
| Place of publication, distribution, etc | U.S.A : |
| Name of publisher, distributor, etc | Passport Books, |
| Date of publication, distribution, etc | 1998. |
| 300 ## - PHYSICAL DESCRIPTION | |
| Extent | 159 p. : |
| Dimensions | 17 cm. |
| 650 ## - SUBJECT ADDED ENTRY--TOPICAL TERM | |
| Topical term or geographic name as entry element | Chinese language |
| General subdivision | Conversation and phrasebooks |
| -- | English. |
| 700 ## - ADDED ENTRY--PERSONAL NAME | |
| Personal name | McKillop, Beth |
| 700 ## - ADDED ENTRY--PERSONAL NAME | |
| Personal name | Jin, Guo |
| 700 ## - ADDED ENTRY--PERSONAL NAME | |
| Personal name | Hong, Jin |
| 942 ## - ADDED ENTRY ELEMENTS (KOHA) | |
| Koha item type | Books |
| Source of classification or shelving scheme | Library of Congress Classification |
| Call number prefix | Foreign |
| Withdrawn status | Lost status | Source of classification or shelving scheme | Damaged status | Home library | Current library | Shelving location | Date acquired | Total Checkouts | Full call number | Barcode | Date last seen | Date checked out | Copy number | Price effective from | Koha item type |
|---|---|---|---|---|---|---|---|---|---|---|---|---|---|---|---|
| Library of Congress Classification | College Library | College Library | General Circulation Section | 03/30/2007 | 1 | PL 1125.E6 .J87 1998 | C7939 | 05/15/2018 | 07/27/2015 | 1 | 02/19/2014 | Books |